Internetové rozhranie pre obchod (PHP, MySQL) = Internet interface for store (PHP, MySQL) : Bakalárska práca

Enregistré dans:
Détails bibliographiques
Auteur principal: Orlický, Matej, 1986- (Auteur)
Autres auteurs: Nemlaha, Eduard, 1969- (xxx)
Format: Manuscrit Livre
Langue:slovaque
Publié: Trnava : STU v Bratislave MTF UIAM, 2008
Sujets:
Tags: Ajouter un tag
Pas de tags, Soyez le premier à ajouter un tag!

MARC

LEADER 00000ntm a22000003a 4500
001 stu170226
005 20160719155912.7
008 080924s2008----xo------------------slo-d
040 |a STU  |b slo 
041 0 |a slo 
044 |a xo 
100 1 |a Orlický, Matej,  |d 1986-  |4 aut  |X 26669  |7 A000026669 
245 1 |a Internetové rozhranie pre obchod (PHP, MySQL) = Internet interface for store (PHP, MySQL) :  |b Bakalárska práca 
260 |a Trnava :  |b STU v Bratislave MTF UIAM,  |c 2008 
300 |a 48 s  |c príl (1 CD-ROM) 
500 |a Kombinácia študijných odborov: 5.2.14 automatizácia, 9.2.9 aplikovaná informatika 
500 |a Študijný program: aplikovaná informatika a automatizácia v priemysle 
650 7 |a internetový obchod  |2 stusub 
700 1 |a Nemlaha, Eduard,  |d 1969-  |4 xxx  |u M6000  |U MTF Materiálovotechnologická fakulta  |T MTF Ústav aplikovanej informatiky, automatizácie a matematiky  |X 2759  |U M6000  |Y 86  |7 A000002759 
996 |b 284M068556  |c M*BP-3238  |l MMSKP  |s P  |a 0  |w stu170226_0001